The girl from Himachal & other stories / (Record no. 58369)
[ view plain ]
| 000 -LEADER | |
|---|---|
| fixed length control field | 01751nam a22003017a 4500 |
| 005 - DATE AND TIME OF LATEST TRANSACTION | |
| control field | 20111115113440.0 |
| 010 ## - LCCN (DPL NO) | |
| LC control number | ENG-104103 B-460910-914 |
| 020 ## - INTERNATIONAL STANDARD BOOK NUMBER | |
| International Standard Book Number | 9788184301106 |
| Terms of availability | 250.00 |
| 035 ## - SYSTEM CONTROL NUMBER | |
| System control number | EN-87636 B-460910-914 |
| 037 ## - SOURCE OF ACQUISITION | |
| Source of stock number/acquisition | DBAD/PUB |
| 037 ## - SOURCE OF ACQUISITION | |
| Source of stock number/acquisition | Virtuous Pub/Ven |
| 082 ## - DEWEY DECIMAL CLASSIFICATION NUMBER | |
| Classification number | S |
| 100 ## - MAIN ENTRY--PERSONAL NAME | |
| Personal name | Mande, Yashwant |
| 245 ## - TITLE STATEMENT | |
| Title | The girl from Himachal & other stories / |
| Statement of responsibility, etc | by Yashwant Mande |
| 260 ## - PUBLICATION, DISTRIBUTION, ETC. (IMPRINT) | |
| Place of publication, distribution, etc | New Delhi |
| Name of publisher, distributor, etc | Ocean Books |
| Date of publication, distribution, etc | 2011 |
| 270 ## - ADDRESS | |
| Address | 4/19, Asaf Ali Road |
| City | New Delhi |
| Postal code | 110002 |
| 300 ## - PHYSICAL DESCRIPTION | |
| Extent | 184p. |
| Dimensions | 22cm (Hb) |
| 500 ## - GENERAL NOTE | |
| General note | Includes bibliographical references |
| 700 ## - ADDED ENTRY--PERSONAL NAME | |
| 9 (RLIN) | 35820 |
| 942 ## - ADDED ENTRY ELEMENTS (KOHA) | |
| Source of classification or shelving scheme | Dewey Decimal Classification |
| Item type | English Books |
| Classification part | S |
| Call number suffix | MAN |
| Withdrawn status | Lost status | Not for loan | Collection code | Home library | Current library | Date acquired | Source of acquisition | Cost, normal purchase price | Full call number | Barcode | Copy number | Cost, replacement price | Koha item type |
|---|---|---|---|---|---|---|---|---|---|---|---|---|---|
| Fiction | Central Library | Central Library | 14/06/2012 | Virtuous Pub/936/04.02.2012/28/18.01.2012/10.02.2012 | 250.00 | S MAN | B-460910 | 1 | 250.00 | English Books | |||
| Not For Loan | Fiction | D.B.Act.Division | D.B.Act.Division | 15/11/2011 | DBAD/PUB | 250.00 | S MAN | EN-87636 | 1 | 250.00 | English Books | ||
| Fiction | Karol Bagh | Karol Bagh | 14/06/2012 | Virtuous Pub/936/04.02.2012/28/18.01.2012/10.02.2012 | 250.00 | S MAN | B-460913 | 1 | 250.00 | English Books | |||
| Fiction | Patel Nagar | Patel Nagar | 14/06/2012 | Virtuous Pub/936/04.02.2012/28/18.01.2012/10.02.2012 | 250.00 | S MAN | B-460911 | 1 | 250.00 | English Books | |||
| Fiction | Sarojini Nagar | Sarojini Nagar | 14/06/2012 | Virtuous Pub/936/04.02.2012/28/18.01.2012/10.02.2012 | 250.00 | S MAN | B-460912 | 1 | 250.00 | English Books | |||
| Fiction | Shahdara Branch | Shahdara Branch | 14/06/2012 | Virtuous Pub/936/04.02.2012/28/18.01.2012/10.02.2012 | 250.00 | S MAN | B-460914 | 1 | 250.00 | English Books |
